Statistics for Professions with the Highest Suicide Rates

Click here to take the quiz!

General Stats

  • This quiz has been taken 338 times
  • The average score is 3 of 10

Answer Stats

RankProfession% Correct
1.Doctor
87%
4.Lawyer
63%
5.Police Officer
52%
3.Financial worker
41%
2.Dentist
32%
10.Scientist
16%
8.Farm Hand
9%
9.Pharmacist
6%
7.Electrician
4%
6.Real Estate Agent
3%

Score Distribution

Percentile by Number Answered

Percent of People with Each Score

Your Score History

You have not taken this quiz